Quiz animaux groupe - Statistiques

Statistiques générales
  • Ce quiz a été pris 11 fois
    9 depuis la dernière actualisation
  • Le résultat moyen est 34 sur 45
Statistiques - réponses
Par images Réponse % Correct
Achille
100%
Biden
100%
Daiko
100%
Freya
100%
Fuego
100%
Geel
100%
Grosse
100%
Isis
100%
Joe
100%
La noiraude
100%
Lilo
100%
Minnie
100%
Moon
100%
Musk
100%
Opale
100%
Ploum
100%
Ruby
100%
Trump
100%
Chanel
67%
Cracotte
67%
Donald
67%
Elon
67%
Erinette
67%
Fidji
67%
Grisette
67%
Happy
67%
Henriette
67%
Kiki
67%
La râleuse
67%
Manonette
67%
Mimounet
67%
Oggy
67%
Oscar
67%
Paulette
67%
Ping
67%
Plume
67%
Pong
67%
Rebelle
67%
Saphyr
67%
Vivi
67%
Eden
33%
Kody
33%
Obywan Kennobi
33%
Saphyre
33%
Togo
33%
Aucun quiz correspondant
Distribution des résultats
% des personnes avec chaque résultat
Percentile par nombre de réponses
Votre historique - résultats
Vous n’avez pas pris ce quiz depuis la dernière actualisation